|
|
|
|
| LEADER |
00881cam a2200253 7i4500 |
| 001 |
0000009965 |
| 005 |
20221219090000.0 |
| 008 |
071210 eng |
| 020 |
|
|
|a 140204724X (hbk.)
|
| 020 |
|
|
|a 9781402047244
|
| 040 |
|
|
|a DLC
|
| 090 |
0 |
0 |
|a QR351
|b .M36 2006
|
| 100 |
1 |
|
|a Mandahar, C. L
|
| 245 |
1 |
0 |
|a Multiplication of RNA plant viruses
|c by C. L. Mandahar.
|
| 260 |
|
|
|a Dordrecht, The Netherlands:
|b Springer,
|c 2006.
|
| 300 |
|
|
|a xx, 339 p.:
|b ill.;
|c 25 cm.
|
| 504 |
|
|
|a Includes bibliographical references and index
|
| 650 |
0 |
0 |
|a RNA viruses
|
| 650 |
0 |
0 |
|a RNA Viruses --
|x Genetics
|
| 650 |
0 |
0 |
|a Plant Viruses --
|x Genetics
|
| 997 |
|
|
|a Engineering & Life Sciences, Faculty
|b Science & Biotechnology, Department
|
| 998 |
|
|
|a Bioinformatics, Degree
|
| 998 |
|
|
|a Biotechnology, Degree
|
| 999 |
|
|
|a 0000020009
|b BOK
|c OPEN SHELF
|e 1st Floor, Bestari Jaya
|